000 004490000a22001570004500
003 MACL
005 20180224144441.0
008 180224b xxu||||| |||| 00| 0 eng d
040 _cmacl
100 _aप्रेमचन्‍द
_970673
245 _aरामलीला
260 _bशीतल पब्लिकेशन
_c2006
350 _a35
650 _aचिल्‍ड्र्र्रन
_970674
942 _cHIN
_k741.642
_2ddc
999 _c22162
_d22162